Astuces et règles de base pour apprendre à lire et écrire le créole (notice n° 1552417)
[ vue normale ]
| 000 -LEADER | |
|---|---|
| fixed length control field | 02053cam a2200277zu 4500 |
| 003 - CONTROL NUMBER IDENTIFIER | |
| control field | FRCYB45007907 |
| 005 - DATE AND TIME OF LATEST TRANSACTION | |
| control field | 20251020122947.0 |
| 008 - FIXED-LENGTH DATA ELEMENTS--GENERAL INFORMATION | |
| fixed length control field | 251020s2005 fr | o|||||0|0|||fre d |
| 020 ## - INTERNATIONAL STANDARD BOOK NUMBER | |
| International Standard Book Number | 9782844502599 |
| 035 ## - SYSTEM CONTROL NUMBER | |
| System control number | FRCYB45007907 |
| 040 ## - CATALOGING SOURCE | |
| Original cataloging agency | FR-PaCSA |
| Language of cataloging | fr |
| Transcribing agency | |
| Description conventions | rda |
| 100 1# - MAIN ENTRY--PERSONAL NAME | |
| Personal name | Benzo |
| 245 01 - TITLE STATEMENT | |
| Title | Astuces et règles de base pour apprendre à lire et écrire le créole |
| Statement of responsibility, etc. | ['Benzo'] |
| 264 #1 - PRODUCTION, PUBLICATION, DISTRIBUTION, MANUFACTURE, AND COPYRIGHT NOTICE | |
| Name of producer, publisher, distributor, manufacturer | Ibis Rouge |
| Date of production, publication, distribution, manufacture, or copyright notice | 2005 |
| 300 ## - PHYSICAL DESCRIPTION | |
| Extent | p. |
| 336 ## - CONTENT TYPE | |
| Content type code | txt |
| Source | rdacontent |
| 337 ## - MEDIA TYPE | |
| Media type code | c |
| Source | rdamdedia |
| 338 ## - CARRIER TYPE | |
| Carrier type code | c |
| Source | rdacarrier |
| 520 ## - SUMMARY, ETC. | |
| Summary, etc. | Mais que vient donc faire Benzo dans ce foisonnement d'ouvrages sur la langue créole de Guadeloupe, parus ou à paraître ? Benzo est d'abord enseignant. Son ouvrage est la contribution d'un pédagogue en prise avec la réalité de la classe au quotidien, s'adressant à d'autres pédagogues. Qui peut mieux qu'un praticien connaître les besoins de ses pairs ? Ni scientifique, ni théorique - Benzo n'a pas cette prétention -, cet ouvrage est un témoignage. Le témoignage du « saltimbanque-serviteur » du créole qu'est Benzo depuis de si nombreuses années. Il n'empêche ! Sa réflexion sur le fonctionnement de la langue, la description qu'il en fait, légitiment sans conteste son ambition : apporter sa pierre à l'édifice. Dans ce sens, l'ouvrage de Benzo contribue à faire progresser l'idée qu'il est possible d'obtenir et de fixer une cohérence grammaticale, une cohérence graphique, une cohérence lexicale du créole. Les candidats au capes de créole, les lycéens qui choisissent l'option créole au bac, les formateurs mais aussi les membres des différents jurys ont besoin de référents. L'ouvrage de Benzo répond à cette attente et alimente la dynamique. Qu'il soit le bienvenu et accueilli comme il se doit. Sak diri-la lwen plen. Moïse SOREZE |
| 650 #0 - SUBJECT ADDED ENTRY--TOPICAL TERM | |
| Topical term or geographic name entry element | |
| 700 0# - ADDED ENTRY--PERSONAL NAME | |
| Personal name | Benzo |
| 856 40 - ELECTRONIC LOCATION AND ACCESS | |
| Access method | Cyberlibris |
| Uniform Resource Identifier | <a href="https://international.scholarvox.com/netsen/book/45007907">https://international.scholarvox.com/netsen/book/45007907</a> |
| Electronic format type | text/html |
| Host name | |
Pas d'exemplaire disponible.




Réseaux sociaux